El caso del asesino de El Quijote /

Guardat en:
Dades bibliogràfiques
Autor principal: Valles Calatrava, José R. (autor)
Format: Llibre
Idioma:espanyol
Publicat: Granada, España : Alhulia, 2006, c2006
Col·lecció:(Narrativa s.a. ; 23)
Matèries:
Etiquetes: Afegir etiqueta
Sense etiquetes, Sigues el primer a etiquetar aquest registre!

MARC

LEADER 00000nam^a2200000^a^4500
001 000394649
005 20250521000000.0
009 20260526143319.459
020 |a 978-84-96641-01-3 
037 |a Acervo ITESO - Biblioteca 
041 |a ESP 
082 |a 863.  |b VAL 
100 |a Valles Calatrava, José R.  |e (autor) 
245 1 3 |a El caso del asesino de El Quijote /  |c J.R. Valles Calatrava. 
264 4 |a Granada, España :  |b Alhulia,  |c 2006, c2006 
300 |a 220 p. 
336 |a texto  |b txt  |2 rdacontenido 
337 |a sin mediación  |b n  |2 rdamedio 
338 |a volumen  |b nc  |2 rdasoporte 
440 1 |a (Narrativa s.a. ;  |v 23) 
649 |a XX 
650 |a Novela Española 
650 |a Literatura Española -  |y Siglo XXI 
650 |a Literatura Policíaca y de Misterio -  |z España 
910 |a Fondo General 
920 |a Impresos - Libros 
930 |a Colección General 
940 |a Literatura 
905 |a 101 
901 |a 0500289920  |b IT1  |c LIT  |i D96198  |u 20250521 
902 |a https://opac.biblio.iteso.mx/vufind/Record/000394649